Del 1714 a la Mancomunitat: 9 de maig de 2014 : Escola de Música de Canet 9 de maig de 2014 :
Descripción Física:
1 tríptic : il. ; 21 cm
MARC
| LEADER | 00000nam a2200000Ia 4500 | ||
|---|---|---|---|
| 001 | 24020 | ||
| 008 | 160829s2014 xx 000 0 cat d | ||
| 080 | |a FU-62-148 | ||
| 245 | |a Del 1714 a la Mancomunitat: |b 9 de maig de 2014 : |b Escola de Música de Canet | ||
| 260 | |a Barcelona : |b Diputació de Barcelona. Àrea de Presidència, |c 2014 | ||
| 300 | |a 1 tríptic : |b il. ; |c 21 cm | ||
| 610 | 2 | 0 | |a Catalunya. |b Mancomunitat |9 53015 |
| 650 | |a Música |x S. XVIII-XX |x Arranjaments instrumentals |9 49607 | ||
| 710 | |a Barcelona (Catalunya : Província). |b Àrea de Presidència |9 52558 | ||
| 901 | |a Arxiu | ||
| 942 | |n 1 | ||
| 952 | |0 0 |1 0 |4 0 |6 FU62148 |7 1 |9 55477 |a Arxiu |b Arxiu |d 2016-12-01 |l 0 |o FU-62-148 |p 24020 |r 2016-12-01 00:00:00 |w 2016-12-01 |y ARXIU | ||
| 999 | |c 59350 |d 59350 | ||